01131nam2a22002171 4500001001100000005001700011021001900028035002600047100004100073101001300114102000700127105001800134200013400152210001800286215001600304300003900320461049500359801001800854801002200872852001900894rc\320391120250609191230.0 aRUb[77-64463] a(NLR Aleph) 007463106 a20130115d1977 |||y0rusy50 ca1 aruscgeo aRU ay z |||a|1 aЦветение лозыeРоманfКонстантинэ Гамсахурдиаg[Авториз. пер. с Трегуба] d1977aБ. м. a351 с.d20 aИзд. выходит с 1972 г. 01001rc\103836512001#$aСобрание сочинений$eВ 8 т.$eПер. с груз.$fКонстантинэ Гамсахурдиа$g[Редкол.: И. Абашидзе и др.]$vТ. 51700#1$aГамсахурдиа$bК.С.$gКонстантин Семенович$f1891-1975aГамсахурдиа, К.С. (1891-1975)cТбилисиd1981fКонстантинэ ГамсахурдиаnМераниoВ 8 т. : Пер. с груз.tСобрание сочиненийvТ. 5 0aRUbNLRgpsbo 1aRUbELAR2rusmarc aNLRj72-3/8462